000 00911cab a2200217 4500
001 WB2829-18
008 090401t1992 xxu||||| |||| 00| 0 eng d
035 _a(Sirsi) u63647
041 _aeng
245 _aResponse to report on renewable energy
260 _c1992
350 _a0
490 _aDTI Press Notice
_v(480) 16 July 1992 (18)
520 _aIn response to the Energy Select Committee report on renewable energy, the Government accepted arguments that renewable energy sufficiently fostered could stem the increasing use of fossil fuels but would only employ renewable energy technologies where they were seen to be economic. A planning policy guidance note on renewable energy is to be issued.
650 _aENERGY SELECT COMMITTEE
650 _aNON-FOSSIL FUELS
650 _aRENEWABLE ENERGY
690 _aENVIRONMENTAL AND LAND CONSULTANCY-ENERGY
942 _n0
948 _c04/03/1997
999 _c39577
_d39577